000 00511nam a2200181Ia 4500
005 20250508163348.0
008 008 250505s9999 xx 000 0 hin d
037 _aTextual
040 _aFEDL
_beng
_cFEDL
041 _ahin
_2eng
084 _a320.1, CHA
_qFEDL
100 _aChaudhary Balbeer Bhadur
_9775201
245 0 _aNagriksahastra ke siddhant
260 _aDelhi, India
_bSree Mahaveer Book Depot
_c1974
300 _a388p.
942 _cTEXL
_h320.1, CHA
999 _c1382561
_d1382561